000 00747cpcaa22002297a 4500
001 mm 79003144
003 DLC
005 20260227111642.0
008 790927|||||||||||| eng
010 _amm 79003144
040 _aDLC
_cDLC
_edacs
_dDLC
072 7 _aC
_2lcmd
245 0 0 _aPerry family property collection,
_f1787-1821.
300 _a9
_fitems.
506 0 _aOpen to research.
546 _aCollection material in English.
580 _aForms part of: Miscellaneous Manuscripts collection.
600 3 0 _aPerry family.
650 0 _aReal property.
999 _c41240
_d41240